al-Niqābāt al-Āsyawīyah. (Record no. 49046)

MARC details
000 -LEADER
fixed length control field 00572cam a22002291 4500
001 - CONTROL NUMBER
control field ne 66001392
003 - CONTROL NUMBER IDENTIFIER
control field DLC
005 - DATE AND TIME OF LATEST TRANSACTION
control field 20260227111825.0
008 - FIXED-LENGTH DATA ELEMENTS--GENERAL INFORMATION
fixed length control field 880827s1965 xx 000 0 ara
010 ## - LIBRARY OF CONGRESS CONTROL NUMBER
LC control number ne 66001392
035 ## - SYSTEM CONTROL NUMBER
System control number (OCoLC)23516991
040 ## - CATALOGING SOURCE
Original cataloging agency DLC
Transcribing agency MiU
Modifying agency DLC
043 ## - GEOGRAPHIC AREA CODE
Geographic area code a------
-- f------
050 00 - LIBRARY OF CONGRESS CALL NUMBER
Classification number HD6857
Item number .S23
100 1# - MAIN ENTRY--PERSONAL NAME
Personal name Sallūm, ʻAbd al-Wahhāb.
245 13 - TITLE STATEMENT
Title al-Niqābāt al-Āsyawīyah.
260 ## - PUBLICATION, DISTRIBUTION, ETC.
Date of publication, distribution, etc. 1965.
300 ## - PHYSICAL DESCRIPTION
Extent 36 p.
Dimensions 20 cm.
500 ## - GENERAL NOTE
General note Romanized.
650 #0 - SUBJECT ADDED ENTRY--TOPICAL TERM
Topical term or geographic name entry element Labor unions
Geographic subdivision Africa.
650 #0 - SUBJECT ADDED ENTRY--TOPICAL TERM
Topical term or geographic name entry element Labor unions
Geographic subdivision Asia.

No items available.

Powered by Koha